000 00646nam a2200241Ia 4500
003 OSt
005 20221007063248.0
006 a|||||r|||| 00| 0
007 ta
008 221006b |||||||| |||| 00| 0 eng d
024 _a1,932
037 _cTextual
040 _aFLL
_cFLL
_beng
041 _2eng
_aeng
082 _aY1:45.Z.N5, J9
100 _aKerawalla P. Au.
_9683967
245 0 _aStudy in indian crime
250 _a1st
260 _aBombay
_bPopular Book Depot India
_c1959
650 _aStudy in indian crime
_9683968
942 _hY1:45.Z.N5, J9
_cTEXL
_2CC
999 _c1130813
_d1130813